Half a Million US Cities Quiz Stats

 Plays Quiz Updated Sep 3, 2017

Score 0/238 Timer 06:00
0 Plays Today
% Correct
New York, NY
99.6%
Brooklyn, NY
99.6%
Brooklyn, NY
99.6%
New York, NY
99.6%
New York, NY
99.6%
New York, NY
99.6%
New York, NY
99.6%
New York, NY
99.6%
New York, NY
99.6%
New York, NY
99.6%
New York, NY
99.6%
New York, NY
99.6%
New York, NY
99.6%
New York, NY
99.6%
New York, NY
99.6%
New York, NY
99.6%
New York, NY
99.6%
New York, NY
99.6%
New York, NY
99.6%
Los Angeles, CA
97.2%
Los Angeles, CA
97.2%
Los Angeles, CA
97.2%
Los Angeles, CA
97.2%
Los Angeles, CA
97.2%
Los Angeles, CA
97.2%
Los Angeles, CA
97.2%
Los Angeles, CA
97.2%
Los Angeles, CA
97.2%
Los Angeles, CA
97.2%
Chicago, IL
96%
Chicago, IL
96%
Chicago, IL
96%
Chicago, IL
96%
Chicago, IL
96%
Chicago, IL
96%
Chicago, IL
96%
Chicago, IL
96%
Chicago, IL
96%
Chicago, IL
96%
Chicago, IL
96%
Chicago, IL
96%
Chicago, IL
96%
Chicago, IL
96%
Boston, MA
94.2%
Boston, MA
94.2%
Boston, MA
94.2%
Boston, MA
94.2%
Boston, MA
94.2%
Boston, MA
94.2%
Boston, MA
94.2%
Boston, MA
94.2%
Boston, MA
94.2%
Boston, MA
94.2%
Boston, MA
94.2%
Boston, MA
94.2%
Houston, TX
93.9%
Houston, TX
93.9%
Houston, TX
93.9%
Houston, TX
93.9%
Houston, TX
93.9%
Houston, TX
93.9%
Houston, TX
93.9%
Dallas, TX
92.8%
Dallas, TX
92.8%
Dallas, TX
92.8%
Dallas, TX
92.8%
Dallas, TX
92.8%
Dallas, TX
92.8%
Philadelphia, PA
92.5%
Philadelphia, PA
92.5%
Philadelphia, PA
92.5%
Philadelphia, PA
92.5%
Philadelphia, PA
92.5%
Philadelphia, PA
92.5%
Philadelphia, PA
92.5%
Philadelphia, PA
92.5%
Philadelphia, PA
92.5%
Philadelphia, PA
92.5%
Philadelphia, PA
92.5%
Philadelphia, PA
92.5%
% Correct
Philadelphia, PA
92.5%
Philadelphia, PA
92.5%
Philadelphia, PA
92.5%
Philadelphia, PA
92.5%
San Francisco, CA
92.3%
San Francisco, CA
92.3%
San Francisco, CA
92.3%
San Francisco, CA
92.3%
San Francisco, CA
92.3%
San Francisco, CA
92.3%
San Francisco, CA
92.3%
San Francisco, CA
92.3%
San Francisco, CA
92.3%
San Francisco, CA
92.3%
Seattle, WA
89.5%
Seattle, WA
89.5%
Seattle, WA
89.5%
Seattle, WA
89.5%
Seattle, WA
89.5%
Detroit, MI
86.8%
Detroit, MI
86.8%
Detroit, MI
86.8%
Detroit, MI
86.8%
Detroit, MI
86.8%
Detroit, MI
86.8%
Detroit, MI
86.8%
Detroit, MI
86.8%
Detroit, MI
86.8%
Detroit, MI
86.8%
San Diego, CA
86.1%
San Diego, CA
86.1%
San Diego, CA
86.1%
San Diego, CA
86.1%
San Diego, CA
86.1%
San Diego, CA
86.1%
Washington, DC
84.8%
Washington, DC
84.8%
Washington, DC
84.8%
Washington, DC
84.8%
Washington, DC
84.8%
Washington, DC
84.8%
Washington, DC
84.8%
Washington, DC
84.8%
Phoenix, AZ
84%
Phoenix, AZ
84%
Phoenix, AZ
84%
Phoenix, AZ
84%
Phoenix, AZ
84%
Denver, CO
80.7%
Denver, CO
80.7%
Denver, CO
80.7%
New Orleans, LA
78.7%
New Orleans, LA
78.7%
New Orleans, LA
78.7%
New Orleans, LA
78.7%
Cleveland, OH
78.3%
Cleveland, OH
78.3%
Cleveland, OH
78.3%
Cleveland, OH
78.3%
Cleveland, OH
78.3%
Cleveland, OH
78.3%
Cleveland, OH
78.3%
Cleveland, OH
78.3%
Cleveland, OH
78.3%
Pittsburgh, PA
78.1%
Pittsburgh, PA
78.1%
Pittsburgh, PA
78.1%
Pittsburgh, PA
78.1%
Pittsburgh, PA
78.1%
Pittsburgh, PA
78.1%
Pittsburgh, PA
78.1%
Portland, OR
76.8%
Portland, OR
76.8%
San Antonio, TX
76.6%
San Antonio, TX
76.6%
San Antonio, TX
76.6%
San Antonio, TX
76.6%
San Antonio, TX
76.6%
San Antonio, TX
76.6%
Baltimore, MD
76.1%
% Correct
Baltimore, MD
76.1%
Baltimore, MD
76.1%
Baltimore, MD
76.1%
Baltimore, MD
76.1%
Baltimore, MD
76.1%
Baltimore, MD
76.1%
Baltimore, MD
76.1%
Baltimore, MD
76.1%
Baltimore, MD
76.1%
Baltimore, MD
76.1%
Baltimore, MD
76.1%
St. Louis, MO
75.9%
St. Louis, MO
75.9%
St. Louis, MO
75.9%
St. Louis, MO
75.9%
St. Louis, MO
75.9%
St. Louis, MO
75.9%
St. Louis, MO
75.9%
St. Louis, MO
75.9%
Austin, TX
74.7%
Austin, TX
74.7%
Indianapolis, IN
73%
Indianapolis, IN
73%
Indianapolis, IN
73%
Indianapolis, IN
73%
Indianapolis, IN
73%
Las Vegas, NV
72.6%
Nashville, TN
72.4%
Nashville, TN
72.4%
Minneapolis, MN
70.4%
Kansas City, MO
69.6%
Jacksonville, FL
69%
Jacksonville, FL
69%
Jacksonville, FL
69%
Jacksonville, FL
69%
Jacksonville, FL
69%
Columbus, OH
67.9%
Columbus, OH
67.9%
Columbus, OH
67.9%
Columbus, OH
67.9%
Columbus, OH
67.9%
Cincinnati, OH
66.4%
Cincinnati, OH
66.4%
Memphis, TN
65.9%
Memphis, TN
65.9%
Memphis, TN
65.9%
Memphis, TN
65.9%
Memphis, TN
65.9%
San Jose, CA
64.2%
San Jose, CA
64.2%
San Jose, CA
64.2%
San Jose, CA
64.2%
Oklahoma City, OK
63.2%
Oklahoma City, OK
63.2%
Charlotte, NC
63.1%
Charlotte, NC
63.1%
Buffalo, NY
62.1%
Buffalo, NY
62.1%
Buffalo, NY
62.1%
Buffalo, NY
62.1%
Buffalo, NY
62.1%
Milwaukee, WI
61.9%
Milwaukee, WI
61.9%
Milwaukee, WI
61.9%
Milwaukee, WI
61.9%
Milwaukee, WI
61.9%
Milwaukee, WI
61.9%
Milwaukee, WI
61.9%
Milwaukee, WI
61.9%
Milwaukee, WI
61.9%
El Paso, TX
52.7%
El Paso, TX
52.7%
El Paso, TX
52.7%
Fort Worth, TX
51.4%
Fort Worth, TX
51.4%
Louisville, KY
47.9%
Albuquerque, NM
41.2%
Tucson, AZ
37.5%

You're not logged in!

Compare scores with friends on all Sporcle quizzes.
Join for Free
OR
Log In

You Might Also Like...

Show Comments

Extras

Top Quizzes Today


Score Distribution

Your Account Isn't Verified!

In order to create a playlist on Sporcle, you need to verify the email address you used during registration. Go to your Sporcle Settings to finish the process.

Report this User

Report this user for behavior that violates our Community Guidelines.

Details: